00855 2200253 4500245008100000250001100081100001900092700002100111700002100132700001400153700002000167700001900187700001700206700001900223700001900242700001700261650001600278005001900294260001800313041001400331084000800345500023900353336000900592 aKoleksi Karya Siswa Kelas X-Perhotelan b : Our StorycNanda HidayatihText aCet. 1 aNanda Hidayati aGabriela Tabitha aRizky Firdayanti aKayla Nur aDela Adha Sepia aSiti Khumairoh aRika Alrizki aIlham Adreanto aMuhammad Ilyas aRafi Sanjaya aKarya Siswa a20240130110744 aJakartac2024 aIndonesia a081 aKarya siswa ini merupakan karya tulis yang berisi kumpulan cerita pendek hasil, seperti cerpen dengan judul Buku Ajaib di Negeri Tulip karya Dela Adha Sepia, Pergaulan karya Siti Khumairoh, Mantel Merah dan Natal, dan lain sebagainya. atext